Apples and pumpkins / (Record no. 3189)
[ view plain ]
| 000 -LEADER | |
|---|---|
| fixed length control field | 01152cam a22003493a 4500 |
| 005 - DATE AND TIME OF LATEST TRANSACTION | |
| control field | 20250610112201.0 |
| 020 ## - INTERNATIONAL STANDARD BOOK NUMBER | |
| International Standard Book Number | 9780590451918 |
| 040 ## - CATALOGING SOURCE | |
| Original cataloging agency | BKX |
| Transcribing agency | BKX |
| Modifying agency | BAKER |
| -- | DLC |
| Language of cataloging | eng |
| 050 00 - LIBRARY OF CONGRESS CALL NUMBER | |
| Classification number | PZ7.R5943 |
| 082 04 - DEWEY DECIMAL CLASSIFICATION NUMBER | |
| Classification number | 643.1 |
| 100 1# - MAIN ENTRY--PERSONAL NAME | |
| Personal name | Rockwell, Anne |
| 245 10 - TITLE STATEMENT | |
| Title | Apples and pumpkins / |
| Statement of responsibility, etc. | by Rockwell, Anne ; pictures by Rockwell, Lizzy |
| 250 ## - EDITION STATEMENT | |
| Edition statement | First Scholastic printing, September 1991 |
| 260 ## - PUBLICATION, DISTRIBUTION, ETC. | |
| Place of publication, distribution, etc. | New York : |
| Name of publisher, distributor, etc. | Scholastic , |
| Date of publication, distribution, etc. | 1989 |
| 300 ## - PHYSICAL DESCRIPTION | |
| Extent | 24 unnumbered pages : |
| Other physical details | color illustrations ; |
| Dimensions | 19 cm . |
| 505 ## - FORMATTED CONTENTS NOTE | |
| Formatted contents note | H <br/> |
| 520 ## - SUMMARY, ETC. | |
| Summary, etc. | In preparation for Halloween night, a family visits Mr. Comstock's farm to pick apples and pumpkins. |
| 521 1# - TARGET AUDIENCE NOTE | |
| Target audience note | 440 <br/> |
| Source | Lexile <br/> |
| 521 1# - TARGET AUDIENCE NOTE | |
| Target audience note | H <br/> |
| Source | Raz-Plus <br/> |
| 650 #0 - SUBJECT ADDED ENTRY--TOPICAL TERM | |
| Topical term or geographic name entry element | Autumn |
| Form subdivision | Juvenile fiction |
| 650 #0 - SUBJECT ADDED ENTRY--TOPICAL TERM | |
| Topical term or geographic name entry element | Halloween |
| Form subdivision | Juvenile fiction |
| 650 #0 - SUBJECT ADDED ENTRY--TOPICAL TERM | |
| Topical term or geographic name entry element | Apples |
| Form subdivision | Juvenile fiction |
| 650 #0 - SUBJECT ADDED ENTRY--TOPICAL TERM | |
| Topical term or geographic name entry element | Pumpkin |
| Form subdivision | Juvenile fiction |
| 650 #1 - SUBJECT ADDED ENTRY--TOPICAL TERM | |
| Topical term or geographic name entry element | Autumn |
| Form subdivision | Fiction |
| 650 #1 - SUBJECT ADDED ENTRY--TOPICAL TERM | |
| Topical term or geographic name entry element | Halloween |
| Form subdivision | Fiction |
| 650 #1 - SUBJECT ADDED ENTRY--TOPICAL TERM | |
| Topical term or geographic name entry element | Apples |
| Form subdivision | Fiction |
| 650 #1 - SUBJECT ADDED ENTRY--TOPICAL TERM | |
| Topical term or geographic name entry element | Pumpkin |
| Form subdivision | Fiction |
| 700 1# - ADDED ENTRY--PERSONAL NAME | |
| Personal name | Rockwell, Lizzy |
| Relator term | illustrator |
| 906 ## - LOCAL DATA ELEMENT F, LDF (RLIN) | |
| a | 7 |
| b | cbc |
| c | copycat |
| d | 2 |
| e | ncip |
| f | 20 |
| g | y-gencatlg |
| 942 ## - ADDED ENTRY ELEMENTS (KOHA) | |
| Source of classification or shelving scheme | Dewey Decimal Classification |
| Koha item type | Books |
| Suppress in OPAC | No |
| 999 ## - | |
| -- | 3189 |
| -- | 3189 |
| Withdrawn status | Lost status | Source of classification or shelving scheme | Damaged status | Not for loan | Collection | Home library | Current library | Shelving location | Date acquired | Total Checkouts | Full call number | Barcode | Date last seen | Date last checked out | Copy number | Price effective from | Koha item type |
|---|---|---|---|---|---|---|---|---|---|---|---|---|---|---|---|---|---|
| Dewey Decimal Classification | Juvenile Fiction | Footprints International School Library Network Toul Kork Campus | Footprints International School Library Network Toul Kork Campus | TK Primary Library Room(4th Floor), Bookcase 1&2, Shelves 1-16, Dark Blue Books | 05/30/2025 | 1 | ROC 643.1 PZ7.R5943 | FISBK05412 | 03/18/2026 | 03/11/2026 | 2 | 05/30/2025 | Books | ||||
| Dewey Decimal Classification | Juvenile Fiction | Footprints International School Library Network Toul Kork Campus | Footprints International School Library Network Toul Kork Campus | TK Primary Library Room(4th Floor), Bookcase 1&2, Shelves 1-16, Dark Blue Books | 06/10/2025 | ROC 643.1 PZ7.R5943 | FIS02545 | 06/10/2025 | 3 | 06/10/2025 | Books | ||||||
| Dewey Decimal Classification | Juvenile Fiction | Footprints International School Library Network Toul Tom Poung Campus | Footprints International School Library Network Toul Tom Poung Campus | TTP Primary Dark Blue Bookshelves | 02/16/2024 | 2 | ROC 643.1 PZ7.R5943 | FISTK02522 | 02/27/2026 | 02/02/2026 | 1 | 02/16/2024 | Books |
